| 000 | 00920nam a2200253 a 4500 | ||
|---|---|---|---|
| 001 | 20403 | ||
| 003 | BD-RjUL | ||
| 005 | 20211209000548.0 | ||
| 008 | 140227s1952 ohua b 100 0 eng d | ||
| 035 | _a(OCoLC)ocm09178712 | ||
| 035 | _a(BD-RjUL)20465 | ||
| 040 |
_aNBS _cNBS _dOCL _dZCU _dBD-RjUL _beng |
||
| 041 | _aeng | ||
| 082 | 0 | 4 |
_a669 _bWOP 1952 |
| 111 | 2 |
_aWorld Metallurgical Congress _n(1st : _d1951 : _cDetroit, Mich.) _962918 |
|
| 245 | 1 | 0 |
_aProceedings of the first World Metallurgical Congress / _cWilliam Marsh Baldwin, Jr., Editor ; under the auspices of the American Society for Metals. |
| 260 |
_aCleveland : _bAmerican Society for Metals, _cc1952. |
||
| 300 |
_a835 p. : _bill. ; _c24 cm. |
||
| 504 | _aIncludes bibliographical references. | ||
| 650 | 0 |
_aMetallurgy _vCongresses. _953281 |
|
| 700 | 1 |
_aBaldwin, William Marsh. _962915 |
|
| 710 | 2 |
_aAmerican Society for Metals. _962916 |
|
| 942 |
_2ddc _cBK |
||
| 999 |
_c20403 _d20403 |
||